[Event "CZE-chT2D 1516"]
[Site "Czech Republic"]
[Date "2016.04.03"]
[Round "10.8"]
[White "Frnka, Rene"]
[Black "Marek, Petr"]
[Result "1/2-1/2"]
[WhiteElo "2180"]
[BlackElo "1953"]
[PlyCount "106"]
[EventDate "2015.10.18"]
[EventType "team-tourn"]
[EventRounds "11"]
[EventCountry "CZE"]
[SourceTitle "EXT 2022"]
[Source "ChessBase"]
[SourceDate "2021.10.06"]
[SourceVersion "1"]
[SourceVersionDate "2021.10.06"]
[SourceQuality "1"]
[WhiteTeam "Velke Losiny"]
[BlackTeam "Hradec Kralove II"]
[WhiteTeamCountry "CZE"]
[BlackTeamCountry "CZE"]

1. Nf3 d5 2. c4 e6 3. g3 Nf6 4. Bg2 Be7 5. 0-0 0-0 6. b3 Nbd7 7. Bb2 b6 8. Nc3 Bb7 9. d4 dxc4 10. bxc4 c5 11. d5 exd5 12. cxd5 Ne8 13. e4 Bf6 14. Re1 Ne5 15. Nd2 Nd3 16. Qc2 Nxe1 17. Rxe1 g6 18. e5 Bg7 19. f4 Qd7 20. a4 Nc7 21. Nc4 Rad8 22. Nd6 Ba8 23. f5 f6 24. e6 Qe7 25. Nf7 Rxf7 26. exf7+ Qxf7 27. d6 Rxd6 28. Bxa8 Nxa8 29. Ne4 Rd8 30. Rf1 g5 31. Rd1 Qe7 32. Qc4+ Kf8 33. Rxd8+ Qxd8 34. Qe6 Nc7 35. Qc6 Ne8 36. Bc3 Qe7 37. Qd5 Qf7 38. Qa8 Qe7 39. a5 b5 40. Qd5 c4 41. Bd4 Nc7 42. Qb7 Kg8 43. Bc5 Qd7 44. Bd6 b4 45. Bxc7 b3 46. Qa8+ Kf7 47. Nd6+ Ke7 48. Qd5 Kf8 49. Qc5 Qe7 50. Bb6 Qe1+ 51. Kg2 Qe2+ 52. Kh3 Qh5+ 53. Kg2 Qe2+ 1/2-1/2

[Event "CZE-chT2D 1516"]
[Site "Czech Republic"]
[Date "2016.02.07"]
[Round "7.8"]
[White "Ruzicka, Milan"]
[Black "Frnka, Rene"]
[Result "1/2-1/2"]
[WhiteElo "2044"]
[BlackElo "2180"]
[PlyCount "26"]
[EventDate "2015.10.18"]
[EventType "team-tourn"]
[EventRounds "11"]
[EventCountry "CZE"]
[SourceTitle "EXT 2022"]
[Source "ChessBase"]
[SourceDate "2021.10.06"]
[SourceVersion "1"]
[SourceVersionDate "2021.10.06"]
[SourceQuality "1"]
[WhiteTeam "Zabreh"]
[BlackTeam "Velke Losiny"]
[WhiteTeamCountry "CZE"]
[BlackTeamCountry "CZE"]

1. e4 d6 2. d4 Nf6 3. Nc3 g6 4. f4 Bg7 5. Nf3 c5 6. e5 Ng4 7. Bb5+ Bd7 8. e6 fxe6 9. Ng5 Bxb5 10. Nxe6 Bxd4 11. Nxd8 Bf2+ 12. Kd2 Be3+ 13. Ke1 Bf2+ 1/2-1/2

[Event "CZE-chT2F 1011"]
[Site "Czech Republic"]
[Date "2011.01.23"]
[Round "6.5"]
[White "Slanina, Miroslav"]
[Black "Frnka, Rene"]
[Result "1/2-1/2"]
[WhiteElo "2139"]
[BlackElo "2209"]
[PlyCount "28"]
[EventDate "2010.10.17"]
[EventType "team-tourn"]
[EventRounds "11"]
[EventCountry "CZE"]
[SourceTitle "EXT 2012"]
[Source "ChessBase"]
[SourceDate "2011.11.24"]
[SourceVersion "1"]
[SourceVersionDate "2011.11.24"]
[SourceQuality "1"]
[WhiteTeam "Dobra"]
[BlackTeam "Sumperk"]
[WhiteTeamCountry "CZE"]
[BlackTeamCountry "CZE"]

1. e4 c5 2. f4 Nc6 3. Nf3 g6 4. Bb5 Bg7 5. Bxc6 bxc6 6. d3 Rb8 7. Nc3 d6 8. 0-0 Nf6 9. Qe1 0-0 10. b3 Ne8 11. Bb2 Nc7 12. Nd1 Ne6 13. Bxg7 Kxg7 14. f5 Nd4 1/2-1/2

[Event "CZE-chT2F 1011"]
[Site "Czech Republic"]
[Date "2011.01.09"]
[Round "5.4"]
[White "Frnka, Rene"]
[Black "Kozak, Pavel"]
[Result "1-0"]
[WhiteElo "2209"]
[BlackElo "2068"]
[PlyCount "141"]
[EventDate "2010.10.17"]
[EventType "team-tourn"]
[EventRounds "11"]
[EventCountry "CZE"]
[SourceTitle "EXT 2012"]
[Source "ChessBase"]
[SourceDate "2011.11.24"]
[SourceVersion "1"]
[SourceVersionDate "2011.11.24"]
[SourceQuality "1"]
[WhiteTeam "Sumperk"]
[BlackTeam "Benesov"]
[WhiteTeamCountry "CZE"]
[BlackTeamCountry "CZE"]

1. e4 e6 2. d4 d5 3. e5 c5 4. Nf3 Nc6 5. Bd3 cxd4 6. 0-0 Nge7 7. a3 Ng6 8. Re1 Be7 9. b4 Qc7 10. Qe2 f5 11. g3 Bd7 12. Nbd2 a5 13. b5 Nd8 14. Nb3 0-0 15. Nbxd4 Rc8 16. Bb2 b6 17. Rac1 Bc5 18. c4 dxc4 19. Bxc4 h6 20. Qd3 Kh7 21. h4 Ne7 22. Ne2 Be8 23. Nf4 Bf7 24. Qb3 Qb7 25. Nd4 a4 26. Qxa4 g5 27. hxg5 Bxd4 28. Bxd4 hxg5 29. Nh3 Ra8 30. Qb4 Rh8 31. Bf1 Kg6 32. Qd2 f4 33. gxf4 Rxa3 34. Bg2 Qd7 35. f5+ Nxf5 36. Qxg5+ Kh7 37. Rc3 Rxc3 38. Bxc3 Rg8 39. Qf4 Qxb5 40. Ng5+ Kg7 41. Be4 Qc4 42. Rc1 Kf8 43. Bd2 Qd4 44. Rc3 Ke8 45. Rd3 Qa1+ 46. Kg2 Qa4 47. Qg4 Nc6 48. Bxf5 Qxg4+ 49. Bxg4 Nxe5 50. Rg3 Nxg4 51. Rxg4 e5 52. Rb4 Rg6 53. Be3 Bd5+ 54. Kg3 Kd7 55. Rxb6 Rxb6 56. Bxb6 Ke7 57. Kg4 Bb3 58. Kf5 Kd6 59. Ba7 Kd5 60. Bb8 Bc2+ 61. Kf6 e4 62. Ba7 Bb1 63. Be3 Bc2 64. Kf5 Bb1 65. Nh3 Bc2 66. Nf4+ Kc4 67. Ke5 Bb1 68. Ne6 Kd3 69. Nc5+ Ke2 70. Nxe4 Kf3 71. Nd2+ 1-0

[Event "CZE-ch Juniors op-A"]
[Site "Kouty nad Desnou"]
[Date "2009.03.14"]
[Round "9"]
[White "Valenta, Vit Sr"]
[Black "Frnka, Rene"]
[Result "1-0"]
[WhiteElo "2248"]
[BlackElo "2226"]
[PlyCount "111"]
[EventDate "2009.03.07"]
[EventType "swiss"]
[EventRounds "9"]
[EventCountry "CZE"]
[SourceTitle "EXT 2011"]
[Source "ChessBase"]
[SourceDate "2010.11.26"]
[SourceVersion "1"]
[SourceVersionDate "2010.11.26"]
[SourceQuality "1"]

1. e4 c5 2. Nf3 e6 3. d4 cxd4 4. Nxd4 a6 5. g3 Qc7 6. Bg2 Nf6 7. Nc3 Be7 8. 0-0 Nc6 9. Be3 Ne5 10. Qe2 d6 11. a4 0-0 12. Rab1 Rb8 13. Rfd1 Bd7 14. Bf1 Rfc8 15. Bd2 b5 16. axb5 axb5 17. Ndxb5 Bxb5 18. Nxb5 Qxc2 19. Bg5 Qxe2 20. Bxe2 Rc2 21. Kf1 Rxe2 22. Bxf6 gxf6 23. Kxe2 Rxb5 24. Rdc1 Rb4 25. f3 Rb3 26. f4 Nf3 27. Rc8+ Kg7 28. Kd1 Nd4 29. Ra1 d5 30. exd5 exd5 31. Ra7 Bb4 32. Kc1 Re3 33. Kb1 Nb5 34. Rd7 Nd6 35. Rc6 Nf5 36. Rb6 Bc5 37. Rb5 Re1+ 38. Ka2 Bg1 39. Rbxd5 Ne3 40. Rd2 Nc4 41. Rc2 Ne3 42. Rcc7 Bxh2 43. Rxf7+ Kg6 44. Rxh7 Re2 45. Rce7 Kf5 46. Rxh2 Rxh2 47. Rxe3 Kg4 48. Ka3 Rg2 49. b4 Rxg3 50. Rxg3+ Kxg3 51. f5 Kf4 52. b5 Kxf5 53. b6 Kg4 54. b7 f5 55. b8Q f4 56. Qb1 1-0

[Event "CZE-ch Juniors op-A"]
[Site "Kouty nad Desnou"]
[Date "2009.03.13"]
[Round "8"]
[White "Frnka, Rene"]
[Black "Vrana, Frantisek"]
[Result "1/2-1/2"]
[WhiteElo "2226"]
[BlackElo "2302"]
[PlyCount "31"]
[EventDate "2009.03.07"]
[EventType "swiss"]
[EventRounds "9"]
[EventCountry "CZE"]
[SourceTitle "EXT 2011"]
[Source "ChessBase"]
[SourceDate "2010.11.26"]
[SourceVersion "1"]
[SourceVersionDate "2010.11.26"]
[SourceQuality "1"]

1. e4 c6 2. d4 d5 3. exd5 cxd5 4. c4 Nf6 5. Nc3 e6 6. Nf3 Be7 7. Bd3 dxc4 8. Bxc4 0-0 9. 0-0 Nbd7 10. Re1 Nb6 11. Bb3 Nbd5 12. Bg5 Bd7 13. Nxd5 Nxd5 14. Bxe7 Nxe7 15. Ne5 Bc6 16. Nxc6 1/2-1/2

[Event "CZE-ch Juniors op-A"]
[Site "Kouty nad Desnou"]
[Date "2009.03.11"]
[Round "6"]
[White "Novotny, Michal"]
[Black "Frnka, Rene"]
[Result "1/2-1/2"]
[WhiteElo "2272"]
[BlackElo "2226"]
[PlyCount "33"]
[EventDate "2009.03.07"]
[EventType "swiss"]
[EventRounds "9"]
[EventCountry "CZE"]
[SourceTitle "EXT 2011"]
[Source "ChessBase"]
[SourceDate "2010.11.26"]
[SourceVersion "1"]
[SourceVersionDate "2010.11.26"]
[SourceQuality "1"]

1. d4 Nf6 2. Bg5 e6 3. e4 Be7 4. Nd2 d5 5. e5 Nfd7 6. h4 c5 7. c3 Nc6 8. Ngf3 cxd4 9. cxd4 f6 10. exf6 Nxf6 11. Bb5 Qb6 12. Qa4 0-0 13. 0-0 h6 14. Bxf6 Rxf6 15. Rfe1 Bd7 16. Rac1 Raf8 17. Bxc6 1/2-1/2

[Event "CZE-ch Juniors op-A"]
[Site "Kouty nad Desnou"]
[Date "2009.03.10"]
[Round "5"]
[White "Kuchynka, Lukas"]
[Black "Frnka, Rene"]
[Result "1/2-1/2"]
[WhiteElo "2199"]
[BlackElo "2226"]
[PlyCount "119"]
[EventDate "2009.03.07"]
[EventType "swiss"]
[EventRounds "9"]
[EventCountry "CZE"]
[SourceTitle "EXT 2011"]
[Source "ChessBase"]
[SourceDate "2010.11.26"]
[SourceVersion "1"]
[SourceVersionDate "2010.11.26"]
[SourceQuality "1"]

1. e4 c5 2. Nf3 Nc6 3. d4 cxd4 4. Nxd4 Nf6 5. Nc3 g6 6. Be3 Bg7 7. Nxc6 bxc6 8. e5 Ng8 9. Bd4 Nh6 10. e6 0-0 11. Bxg7 Kxg7 12. exd7 Qxd7 13. Qxd7 Bxd7 14. 0-0-0 Be6 15. Ba6 Rab8 16. Na4 Ng4 17. Rd2 Rfd8 18. Rhd1 Rxd2 19. Rxd2 Nxh2 20. f3 Bxa2 21. Nc5 Bd5 22. Be2 Rb4 23. c4 Bxc4 24. Rd4 Rxb2 25. Kxb2 Bxe2 26. Re4 Bf1 27. Rh4 Bxg2 28. Rxh2 Bxf3 29. Rh3 Bd5 30. Ra3 h5 31. Nd3 g5 32. Rxa7 Kf6 33. Kc3 h4 34. Nf2 e5 35. Kd3 Kf5 36. Ra4 Bf3 37. Ra7 f6 38. Ke3 Bg2 39. Ra4 Kg6 40. Ra8 Kg7 41. Ra7+ Kg8 42. Ra8+ Kg7 43. Ra7+ Kg6 44. Ra8 f5 45. Rg8+ Kf6 46. Rf8+ Kg6 47. Rg8+ Kf6 48. Rf8+ Ke6 49. Re8+ Kd6 50. Rh8 Ke7 51. Rh5 Kf6 52. Rh6+ Kf7 53. Rh7+ Kg6 54. Rh8 f4+ 55. Kd3 Kg7 56. Rh5 Kg6 57. Rh8 Kg7 58. Rh5 Kg6 59. Rh8 Kg7 60. Rh5 1/2-1/2

[Event "CZE-chT2e 0506"]
[Site "Czech Republic"]
[Date "2006.04.01"]
[Round "9.6"]
[White "Frnka, Rene"]
[Black "Hodovsky, Jiri"]
[Result "1/2-1/2"]
[WhiteElo "2245"]
[BlackElo "2110"]
[PlyCount "90"]
[EventDate "2005.10.16"]
[EventType "team"]
[EventRounds "11"]
[EventCountry "CZE"]
[SourceTitle "EXT 2008"]
[Source "ChessBase"]
[SourceDate "2007.11.25"]
[SourceVersion "1"]
[SourceVersionDate "2007.11.25"]
[SourceQuality "1"]

1. e4 e5 2. Nf3 Nc6 3. Bb5 a6 4. Ba4 Nf6 5. 0-0 Be7 6. Re1 b5 7. Bb3 0-0 8. h3 Bb7 9. c3 d5 10. exd5 Nxd5 11. d3 Bf6 12. Nbd2 Nf4 13. Ne4 Nxd3 14. Nxf6+ gxf6 15. Re4 Nxc1 16. Qxc1 f5 17. Rh4 Qf6 18. Rh6 Qg7 19. Rh5 Ne7 20. Rg5 Ng6 21. Rxf5 Be4 22. Rg5 Bxf3 23. gxf3 Kh8 24. Qe3 Qf6 25. Kh2 Rad8 26. Rd1 Nh4 27. Rg3 Rxd1 28. Bxd1 Rd8 29. Bb3 Rg8 30. Bd5 Nf5 31. Rxg8+ Kxg8 32. Qe4 Nd6 33. Qg4+ Qg6 34. Qd7 Qc2 35. Kg2 Qg6+ 36. Kh2 Qc2 37. Qd8+ Kg7 38. Qg5+ Kf8 39. Kg3 Qg6 40. h4 f6 41. Qxg6 hxg6 42. Kg4 a5 43. f4 exf4 44. Kxf4 c5 45. a3 Ke7 1/2-1/2

[Event "MOR-chT2M 0203"]
[Site "Moravia"]
[Date "2003.03.16"]
[Round "10"]
[White "Jablecnik, Gustav"]
[Black "Frnka, Rene"]
[Result "1-0"]
[WhiteElo "2191"]
[BlackElo "2147"]
[PlyCount "51"]
[EventDate "2002.10.??"]
[EventType "team"]
[EventRounds "11"]
[EventCountry "CZE"]
[SourceTitle "EXT 2006"]
[Source "ChessBase"]
[SourceDate "2005.11.24"]
[SourceVersion "1"]
[SourceVersionDate "2005.11.24"]
[SourceQuality "1"]

1. e4 c5 2. Bc4 e6 3. Qe2 Nc6 4. c3 Qc7 5. d3 Be7 6. f4 Nf6 7. Bb3 0-0 8. Nf3 d6 9. 0-0 b5 10. a4 b4 11. c4 Bb7 12. Bd1 Rfe8 13. b3 Nd7 14. Bb2 Bf6 15. Ra2 Bxb2 16. Rxb2 Qd8 17. Qe3 e5 18. f5 Nd4 19. g4 h6 20. Rg2 Nxf3+ 21. Qxf3 f6 22. h4 Kf7 23. g5 hxg5 24. Qh5+ Ke7 25. hxg5 Rh8 26. gxf6+ 1-0